000 00660cam a22002413a 4500
001 10998
003 PGUSA
005 20140828083231.0
008 040201s2004||||xxu|||||s|||||000 | eng d
040 _aPGUSA
_beng
042 _adc
050 4 _aTJ
100 1 _aBourne, John, C.E.
245 1 2 _aA Catechism of the Steam Engine
_h[electronic resource] /
_cJohn, C.E. Bourne
260 _bProject Gutenberg,
_c2004
506 _aPublic domain in the USA.
516 _aElectronic text
653 _aSteam-engines
653 _aSteam engineering
830 0 _aProject Gutenberg
_v10998
856 4 0 _uhttp://www.gutenberg.org/ebooks/10998
942 _cEB
999 _c240253
_d240253